Statistics for Pantone Colors of the Year

Click here to take the quiz!

General Stats

  • This quiz has been taken 11 times
  • The average score is 8 of 22

Answer Stats

Answer % Correct
Fuchsia Rose
17-2031
67%
Cerulean
15-4020
50%
Sand Dollar
13-1106
50%
Radiant Orchid
18-3224
50%
Turquoise
15-5519
50%
Classic Blue
19-4052
50%
True Red
19-1664
50%
Mimosa
14-0848
33%
Aqua Sky
14-4811
33%
Tangerine Tango
17-1463
33%
Emerald
17-5641
33%
Marsala
18-1438
33%
Rose Quartz
13-1520
33%
Greenery
15-0343
33%
Ultra Violet
18-3838
33%
Living Coral
16-1546
33%
Blue Turquoise
15-5217
17%
Chili Pepper
19-1557
17%
Blue Iris
18-3943
17%
Tigerlily
17-1456
17%
Serenity
15-3913
17%
Honeysuckle
18-2120
17%

Score Distribution

Percentile by Number Answered

Percent of People with Each Score

Your Score History

You have not taken this quiz